Principles of Economics (Record no. 5697)

MARC details
005 - DATE AND TIME OF LATEST TRANSACTION
control field 20250627144536.0
020 ## - INTERNATIONAL STANDARD BOOK NUMBER
International Standard Book Number 0-07-255974-8
082 ## - DEWEY DECIMAL CLASSIFICATION NUMBER
Classification number 330 FRA
100 ## - MAIN ENTRY--PERSONAL NAME
Author name FRANK , H . R
245 ## - TITLE STATEMENT
Title Principles of Economics
250 ## - EDITION STATEMENT
Edition statement 2nd Ed.
260 ## - PUBLICATION, DISTRIBUTION, ETC.
Place of publication, distribution, etc. Boston
Name of publisher, distributor, etc. McGraw-Hill Irwin
Date of publication, distribution, etc. 2004.
300 ## - PHYSICAL DESCRIPTION
Extent vii,474p.: illl.; figures
Other physical details Index
Dimensions 27cm
700 ## - ADDED ENTRY--PERSONAL NAME
Other authors/Editors Ben S . Bernanke
942 ## - ADDED ENTRY ELEMENTS (KOHA)
Source of classification or shelving scheme Dewey Decimal Classification
Koha item type Books
Holdings
Date last seen Total checkouts Full call number Barcode Price effective from Koha item type Lost status Source of classification or shelving scheme Damaged status Not for loan Withdrawn status Home library Current library Shelving location Date acquired Source of acquisition
06/27/2025   330 FRA MZA0002420 06/27/2025 Books   Dewey Decimal Classification       CBE Mwanza CBE Mwanza General Collection 07/17/2017 Library Budget
06/27/2025   330 FRA MZA0002423 06/27/2025 Books   Dewey Decimal Classification       CBE Mwanza CBE Mwanza General Collection 07/17/2017 Library Budget
06/27/2025   330 FRA MZA0002424 06/27/2025 Books   Dewey Decimal Classification       CBE Mwanza CBE Mwanza General Collection 07/17/2017 Library Budget
06/27/2025   330 FRA MZA0002427 06/27/2025 Books   Dewey Decimal Classification       CBE Mwanza CBE Mwanza General Collection 07/17/2017 Library Budget
06/27/2025   330 FRA MZA0002428 06/27/2025 Books   Dewey Decimal Classification       CBE Mwanza CBE Mwanza General Collection 07/17/2017 Library Budget
06/27/2025   330 FRA MZA0002429 06/27/2025 Books   Dewey Decimal Classification       CBE Mwanza CBE Mwanza General Collection 07/17/2017 Library Budget
06/27/2025   330 FRA MZA0002430 06/27/2025 Books   Dewey Decimal Classification       CBE Mwanza CBE Mwanza General Collection 07/17/2017 Library Budget
06/27/2025   330 FRA MZA0002431 06/27/2025 Books   Dewey Decimal Classification       CBE Mwanza CBE Mwanza General Collection 07/17/2017 Library Budget